00422nam a22001337a 4500003000500000038001800005082000800023100001700031245007200048264003500120650003200155700004400187856005700231NUST aNusrat Nadeem a200 aAhmed, Najam aFew-Shot Learning with Large Language Models (LLMs)/cNajam Ahmed,  aIslamabad:bSEECS NUST.c2025. aMS-Artificial Intelligence  aSupervisor: Muhammad Daud Abdullah Asif uhttp://10.250.8.41:8080/xmlui/handle/123456789/54418